Problematika výberu kvantitatívnych kritérií optimálnych menových zón
Porovnanie existujúcich prístupov k definovaniu optimálnosti menovej zóny a analýza adekvátnosti použitia rovnakých kvantitatívnych kritérií v rozličných regiónoch, kde môžu byť vytvorené alebo kde už fungujú menové zóny. Analýza sa uskutočňuje na príklade Maastrichtských kritérií, používaných v Eur...
Gespeichert in:
| 1. Verfasser: | |
|---|---|
| Format: | Buchkapitel |
| Sprache: | Slowakisch |
| Schlagworte: | |
| Tags: |
Keine Tags, Fügen Sie das erste Tag hinzu!
|
MARC
| LEADER | 00000nla a2200000 4500 | ||
|---|---|---|---|
| 001 | 0207594 | ||
| 005 | 20240417075101.1 | ||
| 041 | 0 | |a slo | |
| 044 | |a SK | ||
| 245 | 1 | 0 | |a Problematika výberu kvantitatívnych kritérií optimálnych menových zón |c Emília Krajňáková |
| 520 | |a Porovnanie existujúcich prístupov k definovaniu optimálnosti menovej zóny a analýza adekvátnosti použitia rovnakých kvantitatívnych kritérií v rozličných regiónoch, kde môžu byť vytvorené alebo kde už fungujú menové zóny. Analýza sa uskutočňuje na príklade Maastrichtských kritérií, používaných v Európskej únii. | ||
| 610 | 2 | 0 | |a zóny hospodárske zvláštne |
| 610 | 2 | 0 | |a únie menové |
| 610 | 2 | 0 | |a eurozóna |
| 610 | 2 | 0 | |a ukazovatele makroekonomické |
| 610 | 2 | 0 | |a politika menová |
| 610 | 2 | 0 | |a kurz menový |
| 100 | 1 | |a Krajňáková, Emília | |